000 01002nac a22003017a 4500
001 BR8802488
003 BR-BrBNA
005 20240105120803.0
008 230509b bl.|||m| |||| 00| 0 por d
040 _aBR-BrBNA
_bpor
_cBiblioteca Nacional de Agricultura
072 _aF01
090 _a1910 BR8802488
100 1 _aSouza Filho, A.P.S.
100 1 _ada
100 1 _aMeirelles, P.R.L. de
100 1 _aPimentel, D.M.
110 1 _aUnidade de Execucao de Pesquisa de Ambito Territorial de Macapa, AP (Brasil)
_910392
245 1 _aManejo de pastagens nativas de area de cerrado do Amapa com o uso de rocadeira
260 3 _aMacapa, AP (Brasil):
_c1987.
300 _a4 p.
490 _aPesquisa em Andamento - Unidade de Execucao de Pesquisa de Ambito Territorial de Macapa (Brazil)
_vno. 63
_xISSN 0102-0889
650 _aPASTAGEM NATURAL
650 _aMANEJO
650 _aCERRADO
650 _aAMAPA
909 _a202312
_bLúcia Elande
_c55
_dLúcia Elande
942 _2AGRIS
_n0
_cMS
999 _c281401
_d281401